Statistics for Game of Thrones

Click here to take the quiz!

General Stats

  • This quiz has been taken 40 times
  • The average score is 12 of 20

Answer Stats

HintAnswer% Correct
Massacre of Robb Stark and his army at The TwinsThe red wedding
97%
Name of Arya Stark's swordNeedle
90%
Command for dragons to beath fireDracarys
83%
Army Daenerys freed in Astapor after killing their masterThe Unsullied
80%
Dragon wich was ressurected by The Night KingViserion
77%
Daenerys Targaryen's husbandKhal Drogo
73%
Substance used to burn down Stannis Baratheon's fleetWildfire
73%
Battle when Stannis Baratheon attacked King's LandingBattle of Blackwater
63%
Another name for ObsidianDragonglass
57%
City from wich Daenerys Targaryen ruled Dragon bayMeereen
57%
Old name of Dragon baySlaver's bay
57%
Merceneries hired by Cersi to defend King's Landing against Daenerys Targaryen's armyThe Golden Company
53%
Freefolk settlement north of The WallHardhome
50%
Eastern most fortress on The WallEastwatch
47%
The war after Ned Starks executionThe war of the five kings
47%
Name of Ballistas made to kill Daenerys dragonsScorpion
43%
Sellsword company found in the Free CitiesSecond Sons
40%
Company that funded Stannis Baratheon's second armyIron bank of Braavos
37%
Largest city in EssosQarth
27%
Name for the lands beyond the wallLands of always winter
10%

Score Distribution

Percentile by Number Answered

Percent of People with Each Score

Your Score History

You have not taken this quiz